O António só tem medo de algumas coisas (Registo nº 4403)

Detalhes MARC
000 -Etiqueta do registo
Cabeçalho 00800nam0a2200265 4500
005 - Identificador da versão
Campo de controlo 20240813122100.0
095 ## -
-- PTBN00477865
010 ## - Número internacional normalizado dos livros (ISBN)
Número (ISBN) 9728028261
021 ## - Número do Depósito Legal
Código do país PT
Número 65309/93
100 ## - Dados gerais de processamento
Dados gerais de processamento 20190507d1993 c y0pory5003 ba
102 ## - Pais de publicação ou produção
País de publicação Portugal
101 0# - Língua de publicação
Língua do texto, banda sonora, etc. Português
215 ## - Descrição física 
Indicação específica da natureza do documento e extensão da espécie 37, [8] p.
Outras indicações físicas il. color
200 1# - Titulo e menção de responsabilidade
Título próprio O António só tem medo de algumas coisas
Primeira menção de responsabilidade histórias de Mónica Leal da Silva
Outras menções de responsabilidade il. de Fernando Vilas-Boas
225 1# - Colecção 
Título próprio da colecção Livros cotovia
Indicação de volume 1
210 ## - Publicação, Distribuição, etc. 
Lugar da edição, distribuição, etc. Lisboa
Nome do editor, distribuidor, etc. Cotovia
Data da publicação, distribuição, etc. cop. 1993
606 ## - Nome comum usado como assunto
Número de registo de entrada de autoridade 0001335
Palavra de ordem Literatura portuguesa
Subdivisão de assunto Conto
Código do sistema CA
675 ## - Classificação Decimal Universal (CDU)
Notação 821.134.3-34
Edição 3ª ed.
Língua da edição por
702 #1 - Nome de autor-pessoa física (responsabilidade secundária)
Número de registo de entrada de autoridade 0001227
Palavra de ordem Vilas-Boas
Outra parte do nome não tomada para palavra de ordem Fernando
Código de função Ilustrador / Técnico de desenho computorizado
700 #1 - Nome de autor-pessoa física (responsabilidade principal)
Número de registo de entrada de autoridade 0001226
Palavra de ordem Silva
Outra parte do nome não tomada para palavra de ordem Mónica Leal da
966 ## - Identificação da Biblioteca
Sigla EBVEN
942 ## - Elementos de entrada adicionados (Koha)
Tipo de item no Koha Livro
Exemplares
Situação do levantamento Origin of item (home branch) (coded) Biblioteca de empréstimo Código de barras Cota Circulation type (not for loan) Tipo de documento Nota do exemplar Damaged status
  Biblioteca Escolar das Vendas Biblioteca Escolar das Vendas BEV469 8POR SIL   Livro Sem mensagem